000 01016nam0a2200277 4500
001 RU\NLR\BIBL_A\011556965
005 20250809152613.0
035 _a(NLR Aleph) 011556965
090 _a83161
_c83161
100 _a20171213d1944 u y0rusy50 ca
101 1 _aabk
_crus
102 _aAB
105 _ay z 000 y
200 1 _aАжәамаанақәа
_e[пер. с рус.]
_fИ. А. Крыилов
210 _aАҟәа
_cАҧснвтәи аСовет шәҟәҩҩцәа реидгыла
_d1944
215 _a46, [2] с.
_d20
300 _aГрафика на груз. основе.
541 1 _aБасни
_zrus
689 1 _aШ6(2=Аб)-91Р5-7
700 1 _aКрылов
_bИ. А.
_cбаснописец
_f1769-1844
_gИван Андреевич
_3RU\NLR\AUTH\772707
_4070
852 _aNLR
_bОНЛ
_jАбхаз./2-143
852 _aNLR
_bОНЛ
_jАбхаз./2-143
942 _cBOOK
945 _aРоссийская национальная библиотека
980 _aBV